00542 2200181 4500001002100000008004100021035002000062245008200082100002500164260004300189300002800232020002200260084001600282082001000298650002800308990001200336990001200348INLIS000000000015008 ind  a0010-1222000087 aSemangat Jiwa Bangsa JepangcYoshisaburo Okakura;editor, Gafna Raizha Wahyudi aYOSHISABURO, Okakura aShinyuu Publisher,bTemanggung :c2022 a107 hlm.: ilus.c19 cm. a978-623-97795-5-9 a153.8 OKA S a153.8 aPSIKOLOGI.MOTIVASI DIRI a10216 a a10216 b